000 00322 a2200133 4500
005 20250311132504.0
082 _a330. 071 HAN
100 _aHANSON J. L.
245 _aEconomic for Student
250 _a5th Ed.
260 _aLondon,
_bMacdonald,
_c1963.
300 _axii,226p.: ill.; table.
_bIndex.
_c19cm.
942 _2ddc
_cBKS
999 _c391
_d391